Which Spacecraft took these images? - Statistics

General Stats
  • This quiz has been taken 22 times
  • The average score is 6 of 12
Answer Stats
Picture Answer % Correct
Voyager 1
100%
Voyager 2
88%
Cassini
69%
New Horizons
63%
Juno
56%
Pioneer 10
44%
Pioneer 11
44%
Galileo
25%
Rosetta
25%
Mariner 10
19%
Mariner 9
19%
Dawn
6%
No matching quizzes found
Score Distribution
Percent of People with Each Score
Percentile by Number Answered
Your Score History
You have not taken this quiz